| 000 | 01335nam a22003497i 4500 | ||
|---|---|---|---|
| 003 | URS | ||
| 005 | 20220117094937.0 | ||
| 008 | 180207b xxu||||| |||| 00| 0 eng d | ||
| 020 | _a9717250561 | ||
| 050 | 0 | 0 |
_aDS 675.8 _bD78 2000 |
| 245 | 0 | 0 |
_aDr. Jose P. Rizal : _binspirasyon sa bagong milenyo / _cCarmelita S. Lorenzo ... [and others]. |
| 246 | 3 | _aDoctor Jose P. Rizal | |
| 264 | 1 |
_aMakati City : _bGrandwater Publications and Research, _c[date of publication not identified] |
|
| 264 | 4 | _c©2000 | |
| 300 |
_a273 pages : _billustrations ; _c22 cm |
||
| 336 |
_2rdacontent _atext |
||
| 336 |
_2rdacontent _astill image |
||
| 337 |
_2rdamedia _aunmediated |
||
| 338 |
_2rdacarrier _avolume |
||
| 504 | _aIncludes bibliographical references (pages 254-255). | ||
| 520 | _aBiography of José Rizal, 1861-1896, a Filipino hero. | ||
| 524 | _aLorenzo and others (2000). Dr. Jose pages Rizal : inspirasyon sa bagong milenyo. Makati City: Grandwater Publications and Research. | ||
| 546 | _aIn Tagalog. | ||
| 600 | 1 | 0 |
_aRizal, José, _d1861-1896. |
| 650 | 0 |
_aNationalists _zPhilippines _vBiography. |
|
| 700 | 1 |
_aLorenzo, Carmelita S. _eauthor |
|
| 700 | 1 |
_aSan Juan, Corazon P. _eauthor |
|
| 700 | 1 |
_aSan Juan, Gloria P. _eauthor |
|
| 700 | 1 | _aDe Leon, Zenaida | |
| 700 | 1 |
_aMag-atas, Rosario U. _eauthor |
|
| 942 |
_2lcc _cF |
||
| 999 |
_c5918 _d5918 |
||